Příspěvek k diskusi o TQM

Podstata TQM a jeho implementácia stále predmetom mnohých diskusií. Preklad názvu Total Quality Management. Čo TQM znamená a ponúka. Princípy zavádzania TQM do praxe.

Enregistré dans:
Détails bibliographiques
Auteur principal: Huňát, Alexander
Format: Chapitre de livre
Langue:tchèque
Sujets:
Tags: Ajouter un tag
Pas de tags, Soyez le premier à ajouter un tag!

MARC

LEADER 00000naa a2200000 4500
001 r035899
005 20231002100425.3
041 0 |a cze 
044 |a CZ 
245 1 0 |a Příspěvek k diskusi o TQM  |c Alexander Huňát 
520 |a Podstata TQM a jeho implementácia stále predmetom mnohých diskusií. Preklad názvu Total Quality Management. Čo TQM znamená a ponúka. Princípy zavádzania TQM do praxe. 
610 2 0 |a TQM 
610 2 0 |a riadenie kvality 
610 2 0 |a manažment 
610 2 0 |a riadenie podnikové 
610 2 0 |a teória a prax 
610 2 0 |a kvalita 
100 1 |a Huňát, Alexander